00486nam a2200109Ia 4500008004100000050002200041100002400063245017100087260008600258300002000344521001200364140724s9999 xx 000 0 und d aRT 69b.En61 2010 aEntena, Kennelyn G. aEffectiveness of narrative charting vs charting by exception based on the perceptions of BSN Third Year Students of SISC, School Year 2008-2009 /cKennelyn G. Entena. aLas Piñas, Philippines :bSouthville International School and Colleges,cc2010. a55 p. :c28 cm. aNursing